Biblioteca

Glaucia : La esclava griega. Episodios de los tiempos de San Pablo / Emma Leslie (Registro nro. 40882)

Detalles MARC
000 -LÍDER
Campo fijo de descripción fija 005050000a22001810004500
041 0# - CÓDIGO DE IDIOMA
Código de idioma para texto/pista de sonido o título separado
082 04 - NÚMERO DE CLASIFICACIÓN DECIMAL DEWEY
Número de clasificación G 809.381 L634g
001 - NÚMERO DE CONTROL
Campo de control 11769
100 1# - ASIENTO PRINCIPAL--NOMBRE PERSONAL
Nombre personal Leslie, Emma
245 10 - TÍTULO
Título del Material Glaucia : La esclava griega. Episodios de los tiempos de San Pablo / Emma Leslie
250 ## - MENCIÓN DE EDICIÓN
Mención de edición 2
260 ## - PUBLICACIÓN, DISTRIBUCIÓN, ETC. (PIE DE IMPRENTA)
Lugar de publicación, distribución, etc. México, D.F., México : Casa Unida de Publicaciones
300 ## - DESCRIPCIÓN FÍSICA
Extensión 154 Pag
336 ## - CONTENT TYPE
Content type term texto
Content type code txt
Source rdacontent
337 ## - MEDIA TYPE
Source rdamedia
Media type term sin mediación
Media type code n
338 ## - CARRIER TYPE
Source rdacarrier
Carrier type term volumen
Carrier type code nc
942 ## - TIPO DE MATERIAL (KOHA)
Tipo de Item KOHA Libros General
Existencias
Estado de Material Estado de Perdido Estado de Dañado No para Préstamo Colección Tomo Biblioteca de Origen Biblioteca Permanente Fecha de Adquisición Total de Préstamos Signatura Topográfica Código de Barras Última vez visto Ejemplar/Existencia Fecha de Remplazo Tipo de Material
        Colección General   Biblioteca FUSBC Biblioteca FUSBC 01/02/2005   G 809.381 L634g 11159 12/12/2019 1 26/01/2016 Libros General

Biblioteca FUSBC | Teléfono: (57+4) 349 88 10 Ext. 141| WhatsApp (+57) 3005338115 
E-mail: biblioteca@unisbc.edu.co | Calle 76 87-14 Robledo Palenque, Medellín, Colombia

Con tecnología Koha